Understanding humans : (Record no. 90)

000 -LEADER
fixed length control field 01019cam a2200313 a 4500
003 - CONTROL NUMBER IDENTIFIER
control field OSt
005 - DATE AND TIME OF LATEST TRANSACTION
control field 20210602112133.0
008 - FIXED-LENGTH DATA ELEMENTS--GENERAL INFORMATION
fixed length control field 080917s2010 at ab b 001 0 eng
020 ## - INTERNATIONAL STANDARD BOOK NUMBER
International Standard Book Number 9780495604747 (pbk.)
020 ## - INTERNATIONAL STANDARD BOOK NUMBER
International Standard Book Number 0495604747 (alk. paper)
040 ## - CATALOGING SOURCE
Transcribing agency DLC
042 ## - AUTHENTICATION CODE
Authentication code pcc
050 00 - LIBRARY OF CONGRESS CALL NUMBER
Classification number GN60
Item number .L4495 2010
100 1# - MAIN ENTRY--PERSONAL NAME
Personal name Lewis, R. Barry.
245 10 - TITLE STATEMENT
Title Understanding humans :
Remainder of title introduction to physical anthropology and archaeology /
Statement of responsibility, etc. Barry Lewis, Robert Jurmain, Lynn Kilgore.
250 ## - EDITION STATEMENT
Edition statement 10th ed.
260 ## - PUBLICATION, DISTRIBUTION, ETC.
Place of publication, distribution, etc. Australia ;
-- Belmont, CA :
Name of publisher, distributor, etc. Wadsworth,
Date of publication, distribution, etc. c2010.
300 ## - PHYSICAL DESCRIPTION
Extent xvi, 489 p. :
Other physical details col. ill., col. maps ;
Dimensions 28 cm.
504 ## - BIBLIOGRAPHY, ETC. NOTE
Bibliography, etc. note Includes bibliographical references (p. 451-472) and index.
650 #0 - SUBJECT ADDED ENTRY--TOPICAL TERM
Topical term or geographic name entry element Physical anthropology.
650 #0 - SUBJECT ADDED ENTRY--TOPICAL TERM
Topical term or geographic name entry element Archaeology.
700 1# - ADDED ENTRY--PERSONAL NAME
Personal name Jurmain, Robert.
700 1# - ADDED ENTRY--PERSONAL NAME
Personal name Kilgore, Lynn.
906 ## - LOCAL DATA ELEMENT F, LDF (RLIN)
a 7
b cbc
c orignew
d 2
e epcn
f 20
g y-gencatlg
942 ## - ADDED ENTRY ELEMENTS (KOHA)
Source of classification or shelving scheme
Koha item type Book
Suppress in OPAC JO
Holdings
Withdrawn status Lost status Source of classification or shelving scheme Damaged status Not for loan Permanent Location Current Location Shelving location Date acquired Total Checkouts Full call number Barcode Date last seen Price effective from Koha item type Public note Copy number
          AU LIBRARY AU LIBRARY Open Shelf 02.06.2021   GN60 .L4495 2010 C1 28000762 02.06.2021 02.06.2021 Book JO  
          AU LIBRARY AU LIBRARY Open Shelf 11.06.2021   GN60 .L4495 2010 C2 28000668 11.06.2021 11.06.2021 Book DO 2

Powered by Koha